00349 2200133 4500001002100000005001500021035002000036245005400056100002400110260003700134082000800171084001400179990002200193INLIS00000000000248020250604110743 a0010-06250000661 aSi Manis Di Sungai Seruyan /cDra. Nani Setiawati0 aDra. Nani Setiawati aJakarta :bTrigendi Karya,c2000 a800 a800 DRA s a000068 s/d 000069